Guess the Celebrity - Statistics

General Stats
  • This quiz has been taken 111 times
  • The average score is 10 of 15
Answer Stats
Picture Answer % Correct
Katy Perry
98%
Elvis Presley
90%
Michelle Obama
90%
Angelina Jolie
86%
Anne Hathaway
75%
Ryan Gosling
75%
Whitney Houston
75%
Tom Hanks
74%
Jimmy Kimmel
70%
Audrey Hepburn
67%
Malcolm X
52%
Frank Sinatra
50%
Lucy Liu
50%
Aretha Franklin
48%
Mel Gibson
36%
No matching quizzes found
Score Distribution
Percent of People with Each Score
Percentile by Number Answered
Your Score History
You have not taken this quiz